|
|
|
|
| LEADER |
00000nab a2200000 ar4500 |
| 001 |
vtls009361140 |
| 003 |
SK-MaSNL |
| 005 |
20260303054821.0 |
| 008 |
081114c20081104xo wr|p|||||||000 b|slo |
| 015 |
|
|
|a SNBRB2008/12
|2 snkbucl
|
| 038 |
|
|
|a SNKBUCL
|
| 040 |
|
|
|a SNKBUCL
|b slo
|c SNKBUCL
|e AACR2
|
| 041 |
0 |
|
|a slo
|
| 044 |
|
|
|a xo
|c SK
|
| 080 |
|
|
|a 796.332.093.1
|x (437.6)
|2 2001
|
| 245 |
0 |
0 |
|a V papierovej výhode domáci
|b dnes odvety štvrťfinále Slovenského pohára
|
| 648 |
|
7 |
|a sezóna 2008/2009
|2 snkbucl
|9 1033714
|
| 650 |
0 |
7 |
|a futbal
|2 snkbucl
|9 3291
|
| 650 |
0 |
7 |
|a Slovenský pohár
|2 snkbucl
|9 839689
|
| 650 |
0 |
7 |
|a štvrťfinále
|2 snkbucl
|9 862004
|
| 773 |
0 |
|
|t Šport
|g Roč. 62, č. 255 (4.11.2008), s. 10
|x 0139-7001
|
| 852 |
|
|
|a SNK
|b KIS3GCP
|
| 999 |
|
|
|c 1724721
|d 1726651
|